000 00866nam a22002417a 4500
999 _c6380
_d6380
003 AR-CdUCM
008 190315b ||||| |||| 00| 0 spa d
040 _aMUNICIPALIDAD PROVINCIAL DEL CUSCO
_cBIBLIOTECA MUNICIPAL DEL CUSCO
082 _a985.019 /
_bC31
100 _aCarrión, Benjamín
_96235
245 _aAtahuallpa /
260 _aQuito :
_bPublicaciones educativas Ariel,
300 _a196 paginas ;
_c18 cm.
440 _aClasicos ARIEL
_918177
500 _aDonación familia Nieto
505 _aContenido :Huayna -Capac el grande --El intip-raymi --La profecia de Viracocha --El viaje final --Esos hombres blancos y barbudos --La división del imperio --Huascar y Atahuallpa ...
650 _aÉpoca Prehispánica
_92714
650 _aHistoria
_9136
650 _aEcuador
_910121
650 _aPerú
_935
942 _2ddc
_cLIBROS
945 _arjall